书目信息 |
| 题名: |
共产主义运动国际章程汇编
|
|
| 作者: | ;中共中央党校党建教研室 选编 | |
| 分册: | ||
| 出版信息: | 郑州 河南人民出版社 1980 |
|
| 页数: | 114页 | |
| 开本: | 19cm | |
| 丛书名: | ||
| 单 册: | ||
| 中图分类: | D11 | |
| 科图分类: | ||
| 主题词: | 国际共产主义运动 | |
| 电子资源: | ||
| ISBN: | ||
| 000 | 00632nam0 2200193 45 | |
| 001 | 1259817437 | |
| 005 | 20121004163823.21 | |
| 010 | @dCNY0.30 | |
| 091 | @a3105.394 | |
| 100 | @a20040429d1980 km y0chiy0120 ea | |
| 101 | 0 | @achi |
| 200 | 1 | @a共产主义运动国际章程汇编@AGong Chan Zhu Yi Yun Dong Guo Ji Zhang ChengHui Bian@f中共中央党校党建教研室选编@FZhong Gong Zhong Yang Dang Xiao Dang Jian Jiao Yan Shi Xuan Bian |
| 210 | @a郑州@c河南人民出版社@d1980 | |
| 215 | @a114页@d19cm | |
| 606 | 0 | @a国际共产主义运动 |
| 690 | @aD11@v4 | |
| 711 | 02 | @a中共中央党校党建教研室@4选编 |
| 801 | @aCN@bPftUser@c20040429 | |
| 905 | @a10447@dD11@eJY3 | |
| 共产主义运动国际章程汇编/中共中央党校党建教研室选编.-郑州:河南人民出版社,1980 |
| 114页;19cm |
| ISBN :CNY0.30 |
| ● |
| 相关链接 |
|
|
|
|
正题名:共产主义运动国际章程汇编
索取号:D11/JY3
 
预约/预借
| 序号 | 登录号 | 条形码 | 馆藏地/架位号 | 状态 | 备注 |
| 1 | 7811554 | 278115549 | 学院路分馆/ [索取号:D11/JY3] | 在馆 | |
| 2 | 7811555 | 278115558 | 学院路分馆/ [索取号:D11/JY3] | 在馆 |